<?xml version="1.0" encoding="UTF-8"?>
<collection xmlns="http://www.loc.gov/MARC21/slim">
  <record>
    <leader>00000nam  2200000   4500</leader>
    <controlfield tag="001">INLIS000000000000990</controlfield>
    <controlfield tag="005">20180724140846</controlfield>
    <controlfield tag="008">180724|||||||||   |   |||   |||| ||   | </controlfield>
    <datafield tag="035" ind1=" " ind2=" ">
      <subfield code="0">010-0718000990</subfield>
    </datafield>
    <datafield tag="041" ind1=" " ind2=" ">
      <subfield code="a">id</subfield>
    </datafield>
    <datafield tag="082" ind1=" " ind2=" ">
      <subfield code="a">NONE</subfield>
    </datafield>
    <datafield tag="100" ind1=" " ind2=" ">
      <subfield code="a">Dewi,Sarinah</subfield>
    </datafield>
    <datafield tag="245" ind1=" " ind2=" ">
      <subfield code="a">Strategi Percepatan Pengelolaan Dan Pelaporan Keuangan Berbasis Akrual Pada Lembaga Administasi Negara</subfield>
    </datafield>
    <datafield tag="260" ind1=" " ind2=" "/>
    <datafield tag="650" ind1=" " ind2=" ">
      <subfield code="a">Strategi Percepatan Pengelolaan</subfield>
    </datafield>
  </record>
</collection>
